000 00278nam a22001217a 4500
008 181023b xxu||||| |||| 00| 0 eng d
041 _aeng
080 _a330
100 _a52
101 _aECO
245 _aPower Government The Economy Market
_cMurray.R
942 _2udc
_cBK
999 _c50683
_d50683